Fundamentos de química analítica
Gespeichert in:
| Hauptverfasser: | , , |
|---|---|
| Format: | Buch |
| Sprache: | Spanisch |
| Veröffentlicht: |
Barcelona
Reverté
2000
|
| Ausgabe: | 4a. ed |
| Schlagworte: | |
| Tags: |
Tag hinzufügen
Keine Tags, Fügen Sie den ersten Tag hinzu!
|
MARC
| LEADER | 00000nam a2200000 a 4500 | ||
|---|---|---|---|
| 001 | UCN9167 | ||
| 003 | CL-VaPUC | ||
| 008 | 011130e20000000SP |||||||||||||||||spa|d | ||
| 082 | 0 | 4 | |a 543 |b SKO |2 21 |
| 100 | 0 | |a Skoog, Douglas A |e author |9 465633 | |
| 700 | 0 | |a West, Donald M |e author |9 465634 | |
| 700 | 0 | |a Holler, F. James |e author |9 465635 | |
| 245 | 1 | 0 | |a Fundamentos de química analítica |
| 250 | |a 4a. ed | ||
| 300 | |a v | ||
| 942 | |c BK | ||
| 945 | |d 20011130 00:00:00 |a vberengu | ||
| 260 | |a Barcelona |b Reverté |c 2000 | ||
| 650 | 0 | |a Química analítica |9 259648 | |
| 650 | 0 | |a Análisis químico |9 344456 | |
| 650 | 0 | |a Electroquímica |9 263973 | |
| 650 | 0 | |a Voltametría |9 339676 | |
| 650 | 0 | |a Espectroscopía |9 306791 | |
| 650 | 0 | |a Cromatografía |9 263967 | |
| 583 | |a last modification |c 20011130 00:00:00 |k Rodrigo Vera | ||
| 999 | |c 298690 |d 298688 | ||
| 952 | |0 0 |1 0 |4 0 |6 543_000000000000000_SKO_2000 |7 0 |8 A |9 354471 |a BIBCUR |b BIBCUR |d 2019-11-21 |h v.1 |i 3779181 |o 543 SKO 2000 |p 3779181 |r 2025-04-22 |w 2019-11-21 |y BK |k QUI | ||
| 952 | |0 0 |1 0 |4 0 |6 543_000000000000000_SKO_2000 |7 0 |8 A |9 354472 |a BIBCUR |b BIBCUR |d 2019-11-21 |h v.1 |i 377919K |l 3 |o 543 SKO 2000 |p 377919K |r 2025-04-22 |s 2025-04-01 |w 2019-11-21 |y BK |k QUI | ||
| 952 | |0 0 |1 0 |4 0 |6 543_000000000000000_SKO_2000 |7 0 |8 A |9 354473 |a BIBCUR |b BIBCUR |d 2019-11-21 |h v.2 |i 3779203 |o 543 SKO 2000 |p 3779203 |r 2025-04-22 |w 2019-11-21 |y BK |k QUI | ||
| 952 | |0 0 |1 0 |4 0 |6 543_000000000000000_SKO_2000 |7 0 |8 A |9 354474 |a BIBCUR |b BIBCUR |d 2019-11-21 |h v.2 |i 3779211 |o 543 SKO 2000 |p 3779211 |r 2025-04-22 |w 2019-11-21 |y BK |k QUI | ||